Situational Communication in Teaching Russian as a Foreign Language to Beginner Learners; Procedia - Social and Behavioral Sciences; Vol. 215 : International Education and Cross-Cultural Communication, Problems and Solutions, (IECC 2015)

Bibliografske podrobnosti
Parent link:Procedia - Social and Behavioral Sciences
Vol. 215 : International Education and Cross-Cultural Communication, Problems and Solutions, (IECC 2015).— 2015.— [P. 118-126]
Korporativna značnica: Национальный исследовательский Томский политехнический университет
Drugi avtorji: Drozdova O. A Olga Aleksandrovna, Zamyatina E. V. Elena Viktorovna, Volodina D. N. Dariya Nikolaevna, Zakharova E. O. Elena Olegovna, Ruchina A. V. Aleksandra Viktorovna, Nepryakhin A. F. Alexander
Izvleček:Title screen
The paper presents the results of a study that explores the real teaching experience designing different kinds of speech situations during lessons of Russian as a Foreign Language for beginner learners. The study was carried out at National Research Tomsk Polytechnic University in the 2014-2015 academic year. The primary concern was to discover the most productive set of expressions and speaking turns for situational communication. The outcome is an algorithm of designing speech situations and a typology of speech situations. The paper may be of interest to practising teachers of Russian as a foreign language, students from teacher training colleges and to anyone who is interested in the methodology of teaching Russian as a foreign language.
Режим доступа: по договору с организацией-держателем ресурса
Jezik:angleščina
Izdano: 2015
Teme:
Online dostop:http://dx.doi.org/10.1016/j.sbspro.2015.11.584
http://earchive.tpu.ru/handle/11683/33651
Format: Elektronski Book Chapter
KOHA link:https://koha.lib.tpu.ru/cgi-bin/koha/opac-detail.pl?biblionumber=650047

MARC

LEADER 00000nla2a2200000 4500
001 650047
005 20250815153846.0
035 |a (RuTPU)RU\TPU\network\15229 
035 |a RU\TPU\network\15227 
090 |a 650047 
100 |a 20160906a2015 k y0engy50 ba 
101 0 |a eng 
105 |a y z 100zy 
135 |a drgn ---uucaa 
181 0 |a i  
182 0 |a b 
200 1 |a Situational Communication in Teaching Russian as a Foreign Language to Beginner Learners  |f O. A Drozdova [et al.] 
203 |a Text  |c electronic 
300 |a Title screen 
320 |a [References: р. 126 (15 tit.)] 
330 |a The paper presents the results of a study that explores the real teaching experience designing different kinds of speech situations during lessons of Russian as a Foreign Language for beginner learners. The study was carried out at National Research Tomsk Polytechnic University in the 2014-2015 academic year. The primary concern was to discover the most productive set of expressions and speaking turns for situational communication. The outcome is an algorithm of designing speech situations and a typology of speech situations. The paper may be of interest to practising teachers of Russian as a foreign language, students from teacher training colleges and to anyone who is interested in the methodology of teaching Russian as a foreign language. 
333 |a Режим доступа: по договору с организацией-держателем ресурса 
461 0 |0 (RuTPU)RU\TPU\network\2898  |t Procedia - Social and Behavioral Sciences 
463 0 |0 (RuTPU)RU\TPU\network\14998  |t Vol. 215 : International Education and Cross-Cultural Communication, Problems and Solutions, (IECC 2015)  |o International Conference, 9-11 June 2015, Tomsk, Russia  |o [proceedings]  |f National Research Tomsk Polytechnic University (TPU) ; ed. E. V. Fell  |v [P. 118-126]  |d 2015 
610 1 |a электронный ресурс 
610 1 |a труды учёных ТПУ 
610 1 |a коммуникации 
610 1 |a русский язык как иностранный 
610 1 |a речевые ситуации 
701 1 |a Drozdova  |b O. A  |c linguist  |c senior lecturer of Tomsk Polytechnic University  |f 1979-  |g Olga Aleksandrovna  |3 (RuTPU)RU\TPU\pers\37205 
701 1 |a Zamyatina  |b E. V.  |c linguist  |c Associate Professor of Tomsk Polytechnic University, candidate of philological sciences  |f 1981-  |g Elena Viktorovna  |3 (RuTPU)RU\TPU\pers\37196  |9 20174 
701 1 |a Volodina  |b D. N.  |c linguist  |c Associate Professor of Tomsk Polytechnic University, candidate of philological sciences  |f 1982-  |g Dariya Nikolaevna  |3 (RuTPU)RU\TPU\pers\37195  |9 20173 
701 1 |a Zakharova  |b E. O.  |c linguist  |c Associate Professor of Tomsk Polytechnic University, candidate of philological sciences  |f 1981-  |g Elena Olegovna  |3 (RuTPU)RU\TPU\pers\37197 
701 1 |a Ruchina  |b A. V.  |c linguist  |c senior lecturer of Tomsk Polytechnic University  |f 1986-  |g Aleksandra Viktorovna  |3 (RuTPU)RU\TPU\pers\36767 
701 1 |a Nepryakhin  |b A. F.  |g Alexander 
712 0 2 |a Национальный исследовательский Томский политехнический университет  |c (2009- )  |9 26305 
801 2 |a RU  |b 63413507  |c 20170120  |g RCR 
856 4 |u http://dx.doi.org/10.1016/j.sbspro.2015.11.584 
856 4 |u http://earchive.tpu.ru/handle/11683/33651 
942 |c CF